[Event "USA-ch GpA"]
[Site "San Diego"]
[Date "2006.03.10"]
[Round "8"]
[White "Fernandez, Daniel"]
[Black "Gonzalez, Renier"]
[Result "1-0"]
[WhiteElo "2423"]
[BlackElo "2470"]
[Annotator "Huebner,R"]
[PlyCount "49"]
[EventDate "2006.03.02"]
[EventType "swiss"]
[EventRounds "9"]
[EventCountry "USA"]
[SourceTitle "CBM 112"]
[Source "ChessBase"]
[SourceDate "2006.06.07"]
[SourceVersion "1"]
[SourceVersionDate "2006.06.07"]
[SourceQuality "1"]

1. d4 d5 2. c4 c6 3. Nc3 Nf6 4. Nf3 dxc4 5. a4 Bg4 6. Ne5 Bh5 7. f3 Nfd7 8.
Nxc4 e5 9. Be3 Bb4 (9... exd4 10. Qxd4 Qf6 11. O-O-O Bg6 12. Qxf6 Nxf6 13. Bf4
Nbd7 14. e4 O-O-O 15. g3 Nc5 16. Bh3+ Ne6 17. Rxd8+ Kxd8 18. Rd1+ Kc8 19. Be3
$16 {Granda Zuniga,J-Gonzalez,L/Ganary/1989/1|0/24/}) (9... Bg6 10. h4 Be7 11.
h5 Bf5 12. dxe5 O-O 13. h6 Na6 14. hxg7 Re8 15. g4 Bg6 16. f4 Nb4 17. Rc1 Nd5
18. Bg2 Nxe3 19. Nxe3 Bh4+ 20. Kf1 Bg3 21. f5 Qb6 22. Qd2 $18 {Sokolov,
I-Hellsten,J/Malme/1995/1|0/24/}) 10. g4 (10. Qb3 $5 Na6 (10... Qe7 11. O-O-O
Bg6 12. dxe5 O-O 13. h4 Nc5 14. Bxc5 Qxc5 15. e4 h5 16. Nd6 Nd7 17. Nxf7 $1 $18
{Tsiolakidis,T-Nachev,E/Primorsko/1989/1|0/22/}) 11. dxe5 O-O 12. g3 Qe7 13. f4
Ndc5 14. Qc2 Bg4 15. Bg2 Qe6 16. Nd2 f6 17. Nce4 Nb3 18. Rd1 Bf5 19. O-O Nxd2
20. Bxd2 fxe5 21. Bxb4 Nxb4 22. Qc5 Na6 23. Qxe5 $16 {Kratochwil,L-Markwald,J/
GER/1991/1|0/57/}) 10... Bg6 11. dxe5 O-O (11... Qe7 12. f4 Qh4+ 13. Bf2 Qxg4
14. Qb3 Na6 15. Nd6+ Bxd6 16. Qxb7 Nb4 17. Qxa8+ Bb8 18. Bc5 Qxf4 19. Bh3 f5
20. Rf1 Nc2+ 21. Kd1 Ne3+ 22. Bxe3 Qxe3 23. Bxf5 $18 {Granda Zuniga,J-Nikolic,
P/Biel/1993/1|0/31/}) 12. h4 h6 (12... h5 13. gxh5 Bxh5 14. Qd4 b5 15. Nd6 Qa5
16. Rg1 Bc5 17. Qf4 Bxe3 18. Qxe3 g6 19. Qh6 b4 20. Ncb5 b3+ 21. Kf2 Qb6+ 22.
e3 Qc5 23. Qxh5 Nxe5 24. Ne4 Qc2+ 25. Be2 Nd3+ 26. Kf1 Qxb2 27. Rd1 Nc1 28. Nd4
Nd7 29. Bc4 {1-0 Izeta Txabarri,F-Cruz Lopez Claret,C/Subijana 1998/EXT 2003 
(29).}) 13. g5 (13. h5 Bh7 14. g5 hxg5 15. h6 g6 (15... Qe7 16. hxg7 Kxg7 17.
Qd4 Bc5 18. Qg4 $40) (15... gxh6 16. Rxh6 Qe7 17. Qd2 $16) 16. Rg1 (16. Qd2 $5
Nc5 (16... Qc7 $5) 17. Qxd8 Rxd8 18. Bxg5 Re8 19. Kf2 Nbd7 20. Bf4 $16) 16...
Qe7 (16... Qc7 17. Rxg5 b5 18. Nd6 $6 (18. e6 $1 fxe6 19. axb5 $6 (19. Qd4 e5 (
19... Nf6 20. Ne5 c5 21. Qd3 c4 22. Qc2 $40) 20. Nxe5 Bc5 21. Qe4 Bxe3 22.
Rxg6+ Kh8 23. Rg8+ $3 $18) 19... cxb5 20. Qd4 Nf6 21. Rxb5 Nc6 $13) 18... Nxe5
19. Nde4 Nbd7 20. f4 Nc4 21. Qxd7 Qxd7 22. Nf6+ Kh8 23. Nxd7 Nxe3 24. Nxf8 Nc2+
25. Kf2 Nxa1 26. Nxh7 Kxh7 27. axb5 f6 (27... cxb5 28. Rxb5 $16) 28. Rg1 Bc5+ (
28... cxb5 29. Bg2 $18) 29. e3 Nc2 30. Nd1 cxb5 $132) 17. Rxg5 Rd8 18. Qc2 b5 (
18... Qe6 $5 19. Qe4 Na6 $44 20. Qh4 b5) 19. axb5 cxb5 20. Qe4 bxc4 21. Qxa8
Nxe5 22. Qxa7 Nbd7 23. Qd4 f6 (23... Bc5 $2 24. Rxe5 $1 $18) 24. Rg3 Nc5 (24...
Bc5 25. Qd5+ Kh8 26. Bxc5 Nxc5 27. Ra8 Ned3+ 28. Kd1 $1 $18) 25. Ra8 Rxa8 26.
Qd5+ Ne6 27. Qxa8+ Nf8 28. Kf2 Bd6 29. Ne4 Bb4 30. Bd4 Kh8 31. f4 Ned7 32. Re3
Qf7 33. Ng5 Qg8 34. Re8 {1-0 Krasenkow,M-Sapis,W/Lubniewice 1995/EXT 97/
[Chekhov] (34).}) (13. Qb3 Na6 14. Bg2 Qe7 15. f4 Ndc5 16. Qa2 Be4 $146) 13...
h5 {Dies ist ein neuer Zug. Der Verlauf der Vorgängerpartie sieht wenig
überzeugend aus; vermutlich ist die Stellung in jedem Fall von zweifelhaftem
Charakter für Schwarz:} (13... Qe7 14. gxh6 (14. f4 $5) 14... b5 15. axb5 cxb5
16. h5 Bh7 17. Bg2 Rd8 18. f4 bxc4 19. Qd5 Nb6 20. Qb5 N8d7 21. Bxa8 Nxa8 22.
Rg1 Bc5 23. Rxg7+ Kh8 24. Bxc5 Nxc5 25. Qxc4 Ne6 26. Rxh7+ Kxh7 27. Qe4+ Kxh6
28. f5 Qg5 29. Kf2 Rd4 30. Qxa8 Qh4+ 31. Kg1 Rg4+ 32. Qg2 Rxg2+ 33. Kxg2 Qg4+
34. Kf2 Qxf5+ 35. Ke1 Qg4 36. Kd2 Qd4+ 37. Kc2 Qc5 38. Rf1 Qc4 39. Kb1 Ng5 40.
Kc2 Kxh5 {0-1 Novikov,I-Gonzalez,R/San Diego 2004/CBM 105 (40).}) 14. Bh3 Qe7
15. f4 Rd8 16. Qc1 Nc5 $2 {Jetzt wird der Damenläufer des Schwarzen
eingemauert, der Nachziehende kann nciht überleben.} (16... Be4 17. O-O Bd5 {
sollte versucht werden.}) 17. f5 Nb3 18. Qb1 Nxa1 {Danach erhält Weiß
entscheidenden Angriff, insbesondere, weil seiner Dame das starke Feld g6 zur
Verfügung stehen wird.} (18... Bh7 19. Ra2 Nd7 20. Qe4 {ist indessen ebenfalls
höchst unbequem für Schwarz.}) 19. fxg6 Nb3 20. O-O Rf8 21. Rf6 $1 Bc5 (21...
gxf6 {ist hoffnungslos:} 22. gxf6 Qc7 23. g7 Nd7 24. Bf5 Nxf6 25. exf6 Qg3+ 26.
Kf1) (21... Nc5 {zur Deckung des Feldes e6 bringt auch keine Rettung:} 22.
gxf7+ Rxf7 23. Qg6 Nbd7 24. Na2 {usw.}) 22. gxf7+ Rxf7 23. Qg6 Na6 (23... Bxe3+
{Auf} 24. Nxe3 Nd4 {folgt} 25. Bf5 Kf8 26. Rxf7+ Qxf7 27. Qd6+ {, und Weiß
gewinnt.}) 24. Rxf7 Qxf7 25. Be6 1-0

[Event "IND-ch"]
[Site "Mumbai"]
[Date "2003.01.28"]
[Round "17"]
[White "Ravi, Lanka"]
[Black "Sasikiran, Krishnan"]
[Result "0-1"]
[WhiteElo "2419"]
[BlackElo "2664"]
[Annotator "Huebner,R"]
[PlyCount "80"]
[EventDate "2003.01.18"]
[EventType "tourn"]
[EventRounds "21"]
[EventCountry "IND"]
[EventCategory "8"]
[SourceTitle "CBM 094"]
[Source "ChessBase"]
[SourceDate "2003.05.26"]
[SourceVersion "1"]
[SourceVersionDate "2003.05.26"]
[SourceQuality "1"]

1. d4 d5 2. c4 c6 3. Nc3 Nf6 4. Nf3 dxc4 5. a4 Bf5 6. Nh4 Bc8 7. Nf3 Bg4 8. Ne5
Bh5 9. h3 Nbd7 10. g4 Bg6 11. Nxg6 $6 ({Solider ist} 11. Nxc4 e6 12. Bg2 Bb4
13. O-O $11) 11... hxg6 12. e3 e6 $6 ({Mit der Fortsetzung} 12... e5 13. Bxc4
Qe7 14. Be2 (14. dxe5 Nxe5 15. Be2 Rd8 {ist ungemütlich für Weiß, denn auf} 16.
Qc2 {folgt} Nfxg4) 14... O-O-O {konnte Schwarz um Vorteil kämpfen; die
Schwächung des Königsflügels macht sich bei Weiß bemerkbar.}) 13. Bxc4 Bb4 14.
Bf1 Qa5 15. Bd2 Nb6 16. Bg2 Nc4 17. O-O Nxd2 18. Qxd2 O-O 19. Qc2 Rfd8 20. Ne4
Nd5 21. g5 $6 {Der Sinn dieser Maßnahme ist mir völlig verborgen; Weiß
schwächt lediglich seine Bauernstruktur am Königsflügel. Nach} (21. Rfc1 {
ist die Stellung völlig ausgeglichen.}) 21... Rac8 22. h4 $6 {Besser war es,
den Vorstoß c6-c5 zu verhindern:} (22. Rfc1 {führt noch stets zum Ausgleich.})
22... c5 23. dxc5 Bxc5 24. Qe2 {Vielleicht sollte Weiß den schwarzfeldrigen
Läufer des Gegners eliminieren:} (24. Nxc5 Rxc5 25. Qb3 {und es dürfte nicht
viel los sein.}) 24... Be7 25. Bf3 $6 {Auch den Sinn dieses Zuges zu ermitteln
ist für mich schwierig. Nach} (25. Qb5 Qc7 26. Rfd1 {bleibt der Vorteil des
Schwarzen gering.}) 25... Qb4 (25... a6 $5 {zur Vorbereitung von Da5-b4 kommt
in Betracht.}) 26. Qb5 Rc4 27. Rfc1 $2 (27. Qxb4 Rxb4 28. Rfb1 f5 29. gxf6 gxf6
30. Nc3 {ist ungmütlich für Weiß, aber nicht hoffnungslos.}) 27... Rxe4 $19 28.
Bxe4 Qxe4 29. Rc4 Qe5 30. Qxb7 Bd6 31. Kf1 Kh7 32. h5 Qf5 33. e4 Qh3+ ({
Einfacher ist} 33... Ne3+ 34. Ke2 (34. Ke1 Qf3) 34... Qg4+) 34. Ke1 Qh1+ 35.
Kd2 Qxa1 36. exd5 Rb8 37. Qxf7 Rxb2+ 38. Rc2 Bb4+ 39. Ke3 Rb3+ 40. Ke2 Qe1# 0-1

[Event "ARG-ch"]
[Site "Buenos Aires"]
[Date "1998.04.17"]
[Round "3"]
[White "Szmetan, Jorge"]
[Black "Soppe, Guillermo"]
[Result "0-1"]
[WhiteElo "2420"]
[BlackElo "2455"]
[Annotator "Huebner,R"]
[PlyCount "70"]
[EventDate "1998.04.15"]
[EventType "tourn"]
[EventRounds "15"]
[EventCountry "ARG"]
[EventCategory "9"]
[SourceTitle "CBM 065"]
[Source "ChessBase"]
[SourceDate "1998.08.06"]
[SourceVersion "1"]
[SourceVersionDate "1998.08.06"]
[SourceQuality "1"]

1. Nf3 d5 2. c4 c6 3. d4 Nf6 4. Nc3 dxc4 5. a4 Bg4 6. Ne5 Bh5 7. h3 Na6 8. g4
Bg6 9. Bg2 Nb4 10. O-O Bc2 11. Qd2 Bb3 12. a5 {Weiß möchte mit Hilfe des Zuges
a5-a6 den Punkt c6 erstürmen. Er erreicht damit, daß Schwarz von dem Versuch,
mit Sb4-c2 Material zu gewinnen, Abstand nehmen muß; aber im übrigen ist
dieses Verfahren recht langsam. Außer dem Textzug ist in dieser Stellung meist
12.Se4 versucht worden; dies gefällt mir besser.} (12. Ne4 Nc2 13. Nc5 Nd5 14.
Rb1 {Dies ist ein neuer Zug, soweit ich sehe.} (14. e4 {wurde in der unten
zitierten Partie gespielt; es scheint mir schwächer zu sein als 14.Tb1.} Ndb4 (
14... Nxa1 15. exd5 cxd5 16. Nxb7 Qc7 17. Bxd5 c3 18. Qe2 (18. Bxb3 Nxb3 {
ist hoffnungslos für Weiß.}) 18... Bxd5 19. Qb5+ Bc6 20. Nxc6 (20. Qxc6+ Qxc6
21. Nxc6 c2 {sieht nicht vertrauenerweckend für Weiß aus.}) 20... a6 21. Nd6+
Qxd6 22. Qb7 Rd8 23. Nxd8 {gibt dem Schwarzen keinen Vorteil.}) 15. Nxb7 Qc7
16. Nc5 e6 17. Qc3 (17. Nxb3 cxb3 18. Rb1 Rd8 {führt zu einer für Schwarz
angenehmen Stellung.}) 17... Rd8 18. Bg5 Rxd4 19. Nxb3 cxb3 20. Bf4 Bd6 21. Nf3
Bxf4 22. Nxd4 Be5 23. Nxe6 $6 (23. Rad1 O-O 24. Qxb3 Bxd4 25. Rxd4 Nxd4 26.
Qxb4 Ne2+ $17) 23... fxe6 24. Qxb3 Qd6 25. Rad1 Nd4 26. Qc4 O-O $19 {0-1
Bellon Lopez,J-Pomes,J/Platja d'Aro Barcino 1994 (34)}) 14... e6 $2 {Nach
diesem Zug finde ich keine Rettung mehr für Schwarz.} (14... Ndb4 {ist die
kritische Fortsetzung:} 15. Nxb7 Qb6 16. Na5 (16. d5 c5 17. a5 Qc7 18. Qf4 f6
19. d6 exd6 (19... fxe5 20. Qxe5 {ist hoffnungslos für Schwarz.}) 20. Nxc4 Nd4
21. Nbxd6+ Kd7 {Das Abspiel entbehrt der für Weiß wünschenswerten Klarheit.})
16... Qxa5 17. Nxc6 Qxa4 18. Nxb4 Rc8 19. Nd5 Qd7 {Beide Seiten stehen
schlecht.}) 15. Nxc4 Bxc4 16. Qxc2 Bxc5 17. dxc5 Ba6 18. b4 b5 (18... Qd7 19.
Qb2 {ist ebenfalls ganz hoffnungslos für Schwarz.}) 19. cxb6 Qxb6 20. b5 cxb5
21. Bxd5 exd5 22. Ba3 h5 23. Rb3 Rh6 24. Re3+ Re6 25. a5 Qb7 26. Qc5 {1-0
Jussupow,A-Gretarsson,H/FIDE-Wch k.o. 1997}) 12... e6 {Dies ist ein solider
Entwicklungszug, an dem es nichts auszusetzen gibt. Versucht wurde hier
ebenfalls mit befriedigenden Ergebnissen 12...a6 und 12...Tc8; hierzu sehe man
Z. Ribli, Slawisch D16-19 (Informatormonographie), D 16/16, Fußnote 101.} 13.
a6 Qc7 14. axb7 Qxb7 15. Na4 Rc8 $6 {Schwarz erneuert die Drohung Sb4-c2. Es
scheint mir jedoch vorzuziehen, die Fortsetzung Sa4-c5 zunächst auszuschalten
und Druck auf der d-Linie auszuüben:} (15... Rd8 16. Qg5 h6 17. Qh4 Be7 18. Nc5
Bxc5 $6 ({Die Aufgabe des schwarzfeldrigen Läufers gefällt mir nicht. Zu
prüfen ist} 18... Qc7 {mit der Drohung 19...Lc5:.}) 19. dxc5 Nd7 20. Nf3 (20.
Qxd8+ Kxd8 21. Nxf7+ Ke7 22. Nxh8 $44 {verdient Beachtung.}) 20... Nf8 21. Qg3
Ng6 22. h4 Nc2 23. Ra5 O-O 24. h5 Ne7 25. Bf4 f6 {1/2-1/2 Cebalo,M-Beliavsky,A/
Graz op 1996}) 16. g5 $2 {Der Textzug schwächt den Königsflügel und treibt den
gegenerischen Springer auf bessere Felder.} (16. Nc5 Bxc5 17. dxc5 {führt zu
einer unklaren Stellung mit Aussichten für beide Seiten.}) 16... Nfd5 (16...
Nc2 17. gxf6 (17. Rb1 Nd7 {ist hoffnungslos für Weiß.}) 17... Nxa1 18. fxg7
Bxg7 19. Nc5 {überläßt dem Weißen allzu gefährliches Spiel für die geopferte
Qualität.}) (16... Nd7 17. Nxd7 Qxd7 18. Nc5 Bxc5 19. dxc5 {führt ebenfalls zu
recht befriedigendem Spiel für Weiß.}) 17. e4 $2 (17. Nc5 {war noch stets
nötig. Nach} Bxc5 18. dxc5 f6 $17 {ist die Stellung des Weißen allerdings
schon sehr unbequem.}) 17... Nc2 $19 18. exd5 cxd5 19. Nc5 (19. Ra2 Bxa2 20.
Qxc2 Bb3 {hilft nichts.}) 19... Bxc5 20. dxc5 Nxa1 21. c6 Qc7 22. Qc3 O-O 23.
Bf4 Nc2 24. Ng6 Qd8 25. c7 Rxc7 26. Bxc7 Qxc7 27. Nxf8 Kxf8 28. f4 (28. Rc1 d4
$19) 28... Qb6+ 29. Kh2 Ne3 30. Rf3 Nxg2 31. Kxg2 d4 32. Qc1 c3 33. bxc3 Bd5
34. Qa3+ Ke8 35. cxd4 Qb7 0-1

[Event "Moscow5"]
[Site "Moscow"]
[Date "1995.??.??"]
[Round "1"]
[White "Kiselev, Sergey"]
[Black "Guliev, Sarhan"]
[Result "1-0"]
[WhiteElo "2505"]
[BlackElo "2495"]
[Annotator "Huebner,R"]
[PlyCount "96"]
[EventDate "1995.??.??"]
[EventType "tourn"]
[EventRounds "11"]
[EventCountry "RUS"]
[EventCategory "10"]
[SourceTitle "CBM 049"]
[Source "ChessBase"]
[SourceDate "1995.12.01"]
[SourceVersion "1"]
[SourceVersionDate "1995.12.01"]
[SourceQuality "1"]

1. d4 d5 2. c4 c6 3. Nf3 Nf6 4. Nc3 dxc4 5. a4 Bg4 6. Ne5 Bh5 7. g3 e6 8. Bg2
Bb4 9. O-O {Natürlich ist auch die plausible Fortsetzung} (9. Nxc4 {öfters
angewandt worden. Schwarz antwortet am besten} Nd5 10. Qd3 (10. Bd2 Nb6 {
führt zum Ausgleich.}) (10. Qb3 O-O (10... Na6 $6 11. O-O O-O (11... Bxc3 12.
bxc3 Bxe2 13. Ba3 Bxc4 14. Qxc4 Ne7 {kommt vielleicht in Betracht.}) 12. e4
Ndc7 13. Bf4 $16 {Ioseliani,N-Polgar,Zsu, Wettkampf Monte Carlo 1993, CBM 34,
ist offensichtlich ungünstiger für Schwarz als Abspiel B2c2; Weiß hat ein
Tempo gewonnen, weil er den Zug Lc1-d2 eingespart hat.}) 11. Bd2 (11. e4 Nxc3
12. Qxb4 (12. bxc3 Qxd4 13. cxb4 (13. Bd2 Qd3 $18) 13... Qxa1 14. O-O Qf6 15.
Bb2 Qe7 $17) 12... Qxd4 (12... Ne2 {Lukacs, ECO D (2.Auflage) 16/4, Fußnote 21}
13. Qc5 Nxd4 14. Qxh5 Nc2+ 15. Ke2 Nxa1 16. Rd1 $13) 13. Be3 Qd3 14. Bf1 Qxe4
15. bxc3 Qxh1 16. Qxb7 Nd7 17. Qxd7 Rfd8 $17) (11. O-O Bxc3 12. bxc3 Bxe2 13.
Re1 Bxc4 14. Qxc4 Nd7 $44 {Lukacs,P-Utasi,T, Ungarische Meisterschaft 1984;
MCL 02; ECO D (2.Auflage) 16/4, Fußnote 21; Inf. 37/409.}) 11... Na6 (11... c5
12. Nxd5 (12. e4 Nb6 (12... cxd4 13. exd5 dxc3 14. bxc3 exd5 15. Ne3 {sieht
ungünstig für Schwarz aus.} (15. Qxb4 dxc4 16. Qxb7 Qd3 $19)) 13. dxc5 Bxc5 14.
Be3 Nxc4 15. Bxc5 Qd2+ 16. Kf1 Qd3+ (16... Qc1+ 17. Rxc1 Nd2+ 18. Kg1 Nxb3 19.
Bxf8 Nxc1 20. Ba3 $14) 17. Kg1 Rc8 $17) (12. dxc5 Nc6 13. Nd6 {(Besser ist 13.
Sd5: mit Übergang in die folgende Variante.)} Nd4 14. Qd1 Bxc3 15. bxc3 (15.
Bxc3 Nxe2 16. Qd2 Nexc3 17. bxc3 Qc7 18. c4 Qxc5 $17) 15... Nxe2 (15... Bxe2
16. Qb1 Bf3 17. O-O Bxg2 18. Kxg2 Nc6 $13 {Ftacnik,L-Ree,H, Wijk aan Zee 1985;
MCL 02; Inf. 39/459}) 16. Qb3 Qf6 17. Ne4 Qg6 $17 {Ftacnik, ECO D (2.Auflage)
16/4, Fußnote 21; Inf. 39/459}) 12... exd5 13. dxc5 Nc6 14. Bxb4 dxc4 15. Qxc4
Re8 16. f3 Qd4 (16... Ne5 17. Qc3 Nd3+ 18. Kf1 Nxb4 19. Qxb4 $16) 17. Qxd4 Nxd4
{(ECO D [2.Auflage] 16/4, Fußnote 21)} 18. O-O-O $14) 12. e3 (12. e4 Nb6 13.
Be3 c5 {sieht auch nicht übel für Schwarz aus.}) 12... c5 13. O-O $13 {
Ostenstad,B-Ingbrandt,J, Oslo 1986, MCL 03, ist vielleicht eine solide
Fortsetzung für Schwarz.}) 10... Be7 11. O-O Nb4 (11... O-O 12. e4 (12. a5 Na6
13. Ne5 Nab4 14. Qd2 (14. Qc4 Nc2 15. Ra4 b5 16. axb6 Nxb6 17. Nxc6 Nxc4 18.
Nxd8 Raxd8 19. Rxc4 Nxd4 $10 {Vajser, ECO D (2.Auflage) 16/4, Fußnote 23.})
14... Qc7 $10 {Vajser, ECO D (2.Auflage) 16/4, Fußnote 23.} (14... c5 $6 15.
Nxd5 $14 {Vajser-Huzman, UdSSR 1986, Inf. 42/472, ECO D (2.Auflage) 16/4,
Fußnote 23.})) 12... Nb4 13. Qd2 Nd7 (13... N8a6 14. b3 Qc7 15. Ne2 Rad8 16.
Nf4 Bg6 17. h4 $14 {Tukmakov,V-Oll,L, Rostov 1993, CBM 36.}) 14. b3 Qc7 15. Ba3
Nb6 16. Nd1 c5 17. d5 exd5 18. exd5 Nxc4 19. bxc4 Bf6 $10 {Kiselev,S-Rublevsky,
S, Cheliabinsk 1993, EXP 38.}) 12. Qd2 O-O 13. b3 N8a6 14. Bb2 Qc7 15. Rad1
Rad8 16. Qc1 $10 {Mihal`cisin-Huzman, UdSSR 1986.}) 9... Nbd7 {Empfohlen wird
auch hier} (9... Nd5 10. Qc2 (10. Bd2 O-O 11. g4 Bg6 12. e4 (12. Nxc4 Nb6 $10)
12... Nb6 13. a5 Nc8 14. Qa4 Na6 15. Be3 Nd6 16. Nxg6 hxg6 $13 {Miralles,
G-Flear,G, Paris 1986, TD 86/01.}) (10. Na2 Be7 11. Nxc4 O-O 12. h3 (12. a5 $5)
12... Nb6 13. Ne3 a5 $10 {Kjeldsen,J-Husted,P, Dänemark ch-B 1991, TD 91/06.})
(10. Nxc4 Na6 (10... Bxc3 11. bxc3 Nxc3 12. Qb3 Nxe2+ 13. Kh1 O-O 14. Qxb7 Nd7
15. Ba3 Qc8 16. Rfb1 {Hertneck,G in CBM 35.}) 11. Qb3 Nb6 {(Kanstler,
B-Imanaliev,T, Bishkek zt 1993, CBM 35)} 12. e3 $14) 10... a5 (10... Be7 $5 {
mit der Absicht, Sd5-b4 folgen zu lassen, kommt in Betracht.}) 11. Nxc4 Nb6 12.
Nxb6 Qxb6 13. Be3 Bg6 14. Be4 Qd8 (14... Qa6 $5) 15. Rac1 Nd7 16. Bxg6 hxg6 $10
{Hjartarson-Yrjölä, Gjövik 1985, ECO D (2.Auflage) 16/3, Fußnote 16.}) 10. Nxc4
O-O {Schwarz sollte das folgende Manöver des Weißen verhindern. Stärker war} (
10... a5 11. Na2 Nb6 12. b3 Be7 $5 $10 (12... Nbd5 13. Nxb4 Nxb4 (13... Nc3 14.
Nxc6 $18) (13... axb4 14. Bd2 O-O 15. Qe1 $16 {Babula,V-Vanek,P, Tschechische
Meisterschaft 1993, TD 93/10}) 14. Ba3 $16)) 11. Na2 Be7 12. b4 $14 Nd5 {
Schwarz konnte auch} (12... Nb6 {versuchen. Nach} 13. Na5 Qd7 14. Bb2 Nfd5 {
sind die Figuren des Weißen überlastet und können nicht mehr ohne weiteres
alle Bauern decken. Nach anderen Zügen verschafft er sich einige Erleichterung.
}) 13. Qd2 Qc7 14. e4 (14. a5 f5) 14... N5b6 15. Nb2 Rad8 16. Qc2 (16. a5 Nc8
17. f4 c5 $13 {Die Stellung des Schwarzen ist solider als man vermuten möchte.}
) 16... e5 $6 {Die Öffnung der Stellung sieht für Schwarz gefährlich aus.} (
16... f6 $5 {mit der Absicht, Lh5-f7 zu spielen und erst später e6-e5 folgen
zu lassen, verdient Erwägung.}) 17. dxe5 Qxe5 (17... Nxe5 18. f4 $16) 18. a5
Nc8 19. Be3 Bf6 $2 {Hier steht der Läufer schlecht; die Lage des Schwarzen ist
allerdings schon kritisch.} 20. Rab1 Qb5 21. f4 Rfe8 22. Rfe1 Bg4 23. e5 $18
Be7 24. Nc4 Nf8 25. Bf1 Qd5 26. h3 Bf3 27. Qf2 Bh5 28. g4 Ng6 29. Red1 Bh4 30.
Qe2 Qe4 31. Nc3 Nxf4 32. Nxe4 Nxe2+ 33. Bxe2 Bg6 34. Bf3 f5 35. gxf5 Bxf5 36.
Kg2 Rd5 37. Rbc1 Re6 38. Ned6 Rg6+ 39. Kh2 Rxd1 40. Rxd1 Bxh3 41. Be4 Nxd6 42.
exd6 Re6 43. Bf3 Rf6 44. Bg2 Bg4 45. Rd4 h5 46. Ne5 Re6 47. Nxg4 hxg4 48. Rd3
Kf7 1-0

[Event "Vikings GM 2nd"]
[Site "York"]
[Date "2000.12.21"]
[Round "9"]
[White "Barsov, Alexei"]
[Black "Hodgson, Julian M"]
[Result "1/2-1/2"]
[WhiteElo "2534"]
[BlackElo "2640"]
[Annotator "Huebner,R"]
[PlyCount "55"]
[EventDate "2000.12.13"]
[EventType "tourn"]
[EventRounds "10"]
[EventCountry "ENG"]
[EventCategory "12"]
[SourceTitle "CBM 081"]
[Source "ChessBase"]
[SourceDate "2001.03.20"]
[SourceVersion "1"]
[SourceVersionDate "2001.03.20"]
[SourceQuality "1"]

1. d4 d5 2. c4 c6 3. Nf3 Nf6 4. Nc3 dxc4 5. a4 Na6 6. e3 {Mehr Aussichten auf
Eröffnungsvorteil dürfte} (6. e4 {bieten.}) 6... Bg4 7. Bxc4 e6 8. a5 Nb4 9.
O-O Be7 10. h3 Bh5 11. g4 Bg6 12. Ne5 Nd7 13. Nxg6 hxg6 14. Kg2 O-O 15. f4 b5
16. axb6 axb6 17. Rxa8 Qxa8 18. e4 b5 19. Be2 Rd8 20. Qb3 c5 21. dxc5 Nd3 (
21... Nc6 $5) 22. c6 Nxc1 23. Rxc1 Qxc6 24. Qxb5 Qd6 $6 (24... Qc7 {führt zu
einer ausgeglichenen Stellung; für seinen Minusbauern hat Schwarz genügend
Kompensation in den schwarzfeldrigen Schwächen der weißen Struktur.}) 25. Rd1
Qxf4 $2 ({Nach} 25... Qc7 {braucht Schwarz nicht viel zu fürchten.}) 26. Rxd7
Rxd7 27. Qxd7 Bh4 (27... Bd6 {rettet den Schwarzen auch nicht:} 28. Qd8+ Kh7
29. Qh4+ Kg8 30. Qf2 {usw.}) 28. Qc6 $4 (28. Kh1 Qf2 (28... Qg3 29. Qd3 Qe1+
30. Bf1 {und Weiß gewinnt.}) 29. Qd1 Bg3 30. Qg1 {mit Gewinn.}) (28. Qc6 $4
Qg3+ 29. Kh1 Qe1+ 30. Kg2 Qf2+ 31. Kh1 Bg3 {nebst matt; mit der Annahme des
Remisangebotes beging Schwarz einen groben Fehler. Es ist natürlich keineswegs
sicher, daß der letzte Zug des Weißen korrekt eingegeben ist.}) 1/2-1/2

[Event "Interpolis-03"]
[Site "Tilburg"]
[Date "1979.11.01"]
[Round "1"]
[White "Huebner, Robert"]
[Black "Smyslov, Vassily V"]
[Result "1-0"]
[WhiteElo "2595"]
[BlackElo "2560"]
[Annotator "Huebner,R"]
[PlyCount "59"]
[EventDate "1979.11.01"]
[EventType "tourn"]
[EventRounds "11"]
[EventCountry "NED"]
[EventCategory "15"]
[SourceTitle "MCL"]
[Source "ChessBase"]
[SourceDate "1999.07.01"]
[SourceVersion "1"]
[SourceVersionDate "1999.07.01"]
[SourceQuality "1"]

1. d4 d5 2. c4 c6 3. Nc3 Nf6 4. Nf3 dxc4 5. a4 Na6 6. e4 Bg4 7. Bxc4 e6 8. Be3
Bb4 9. Qc2 (9. Qd3 Bxf3 10. gxf3 Nc7 11. Rg1 Nh5 12. Ke2 g6 13. d5 Bd6 14. dxc6
bxc6 15. Qd4 O-O 16. Rgd1 Bxh2 17. Qxd8 Rfxd8 18. Rxd8+ Rxd8 19. Bxa7 $10 {
Polugajevsky-Larsen/Riga itz/1979}) 9... Bxf3 10. gxf3 O-O 11. O-O $6 (11. Rd1
$6 c5 12. Bxa6 (12. d5 exd5 13. Bxd5 Nxd5 14. Rxd5 Qe7 $15) 12... bxa6 13. dxc5
Qa5 14. Rg1 Rfc8 $10) (11. Rg1 $5 c5 12. Bh6 Ne8 13. d5 Nac7 14. O-O-O $16)
11... c5 12. d5 (12. Bxa6 cxd4 $1 (12... bxa6 13. dxc5 {/\Sa2}) 13. Bxb7 Rb8
14. Rfd1 (14. Ba6 dxe3 15. fxe3 Qb6 16. Qe2 Bc5 17. Nd1 Rfd8 $15) 14... Rxb7
15. Rxd4 Qa5 $10) 12... Bxc3 13. bxc3 exd5 14. Rfd1 Qc8 $2 (14... Nc7 15. Bxc5
Re8 16. Be3 (16. Qa2 $2 Nd7 17. Bxd5 Qg5+) 16... Re5 17. Bf4 Rh5 18. Bg3 $13)
15. exd5 $16 Qh3 $6 (15... Rd8 $5) 16. Rab1 Qxf3 (16... Ng4 17. Bf4 Qxf3 18.
Bg3 {/\19.Le2, 19.Tb7}) 17. Be2 Qh3 (17... Qe4 18. Qxe4 Nxe4 19. Rdc1 Nc7 (
19... Nd6 20. Bf4 (20. Bxa6 bxa6 21. Bxc5 {Gligoric}) 20... Rfd8 21. Bxd6 Rxd6
22. Rxb7 $18) 20. c4 b6 21. a5 $16) 18. Rxb7 c4 (18... Ng4 19. Bf4) (18... Rfe8
19. Bf4 (19. Bxa6 Re4 20. Be2 Rh4 $13) 19... c4 20. Bg3 $16) 19. Bf1 (19. Bxc4
$4 Qg4+) 19... Qh5 $2 (19... Qg4+ 20. Bg2 {/\Td4}) (19... Qc8 $5 20. Rb5 Nc7
21. Rc5 Qg4+ 22. Bg2 Rac8 23. Rd4 Qd7 24. Qd1 $16) 20. Qe2 $18 Qg6+ (20... Qf5
21. Qxc4 Rfc8 22. Qf4) (20... Qxe2 21. Bxe2 Rfc8 22. d6) 21. Bg2 Rac8 22. d6
Nc5 (22... Rfd8 23. Rxa7 Nb8 24. Rc7) 23. Bxc5 Rxc5 24. d7 Rd5 25. Rxd5 Nxd5
26. Qe4 $2 (26. Rb8 $1) 26... Nxc3 27. Qxg6 hxg6 28. Rc7 Ne2+ 29. Kf1 Nf4 {
/\Se6} 30. Bd5 $1 1-0